000 00956nam a22003017a 4500
001 BR8105291
003 BR-BrBNA
005 20230928091033.0
007 ta
008 230509b bl.||||| |||| 00| 0 por d
040 _aBR-BrBNA
_bpor
_cBiblioteca Nacional de Agricultura
041 _a(Por)
072 _aE15; E70
_b9600
_b/G514
090 _ 9600 BR8105291
100 1 _aCastro, L.H.M. de
110 1 _aSecretaria da Agricultura e Abastecimento do Estado de Sao Paulo, Sao Paulo (Brasil). Depto. de Cooperativismo
_98282
245 1 _aZoneamento das cooperativas singulares que comercializaram ovos ate 1979 do estado de Sao Paulo [Brasil]
260 3 _aSao Paulo, SP (Brasil):
_c1981.
300 _a25 p.
500 _aNumerical data
650 _aCOOPERATIVA
650 _aOVO
650 _aCOOPERATIVA DE PRODUTORES
650 _aESTATISTICA COMERCIAL
650 _aSAO PAULO
909 _a202309
_bLucia
_c55
_dLucia Elande
942 _cBK
999 _c31889
_d31889